[Event "Moscow ch-T 2018"]
[Site "Moscow"]
[Date "2018.09.29"]
[Round "6"]
[White "Gorbatov, Alexej"]
[Black "Saulin, Dmitri"]
[Result "1-0"]
[WhiteElo "2389"]
[BlackElo "2369"]
[Annotator "TA"]
[PlyCount "41"]
[EventDate "2018.09.20"]
[EventType "team-tourn"]
[EventCountry "RUS"]
[SourceTitle "playchess.com"]
[Source "ChessBase"]
[SourceQuality "1"]

{[%evp 19,41,0,0,0,0,0,-3,0,0,0,20,8,66,59,64,0,58,0,0,0,58,58,29998,29999]} 1. d4 Nf6 2. Nf3 c5 3. c4 cxd4 4. Nxd4 e6 5. a3 Be7 6. Nc3 {A32: Symmetrical English: 2 Nf3 Nf6 3 d4 cxd4 4 Nxd4 e6} O-O 7. e4 Nc6 8. Be3 (8. Nf3 Qa5 9. Bd2 Qh5 10. Be2 d5 11. exd5 exd5 12. cxd5 Nxd5 13. Nd4 Qe5 14. Nxc6 bxc6 15. O-O {½-½ (47) So,W (2780)-Vachier Lagrave,M (2779) Saint Louis 2018}) 8... d5 9. cxd5 exd5 10. exd5 Nxd5 {LiveBook: 3 Games} 11. Nxc6 $1 bxc6 12. Nxd5 cxd5 13. Bd3 {[%cal Bf1d3,Bd3h7,Bh7g6][%mdl 32]} Bf6 14. O-O $1 d4 $146 ({Predecessor:} 14... g6 15. Rb1 {1-0 (39) Adla,D (2470)-Garza Marco,S (2380) Aragon 2007}) 15. Bf4 Qb6 ({Black should play} 15... Be6 $11) 16. Qc2 $14 {Black must now prevent Bc7.} Ba6 17. Bxh7+ Kh8 18. Bc7 (18. Qf5 $1 $14 g5 19. Bc7 (19. Bxg5 Bxg5 20. Qxg5 Kxh7 $17)) 18... d3 $11 19. Qd1 $1 {[%cal Rd1h5]} Qxc7 (19... Qd4 $11 20. Qh5 Qh4 21. Qxh4 Bxh4) 20. Qh5 $1 $14 {White wants to mate with Bxd3+.} g6 $2 {[%mdl 8192] [#]} (20... Qf4 $14 21. Bxd3+ Qh6 22. Qxh6+ gxh6 23. Bxa6 Rab8) 21. Bxg6+ $1 {Precision: White = 69%, Black = 26%.} 1-0

[Event "Moscow ch-T 2018"]
[Site "Moscow"]
[Date "2018.09.29"]
[Round "6"]
[White "Geivondian, Arman"]
[Black "Matyunin, Vladislav"]
[Result "1-0"]
[WhiteElo "2377"]
[BlackElo "2031"]
[Annotator "TA"]
[PlyCount "153"]
[EventDate "2018.09.20"]
[EventType "team-tourn"]
[EventCountry "RUS"]
[SourceTitle "playchess.com"]
[Source "ChessBase"]
[SourceQuality "1"]

{[%evp 20,153,103,67,102,113,95,85,80,57,62,38,41,0,64,10,61,0,31,42,62,0,97,93,88,10,93,-12,93,-11,-11,-1,4,0,0,0,0,-17,-11,-56,-38,-89,-22,-10,0,-22,0,0,0,0,0,0,0,0,67,67,64,0,0,0,0,-49,308,0,0,0,0,0,0,0,0,-142,490,0,442,-150,287,194,144,67,74,67,139,139,116,104,139,139,139,139,139,139,139,43,43,0,152,139,139,140,140,157,202,151,168,161,598,550,536,499,6390,12797,12814,6490,6260,0,0,0,5073,1965,1336,160,2242,1732,1508,1106,29974,29973,29980,29981,29981,29982,29982,29983,29984,29985]} 1. d4 g6 2. c4 Bg7 3. e4 d6 4. Nc3 Nf6 5. f3 O-O 6. Be3 e5 7. Nge2 Nc6 8. d5 Ne7 9. g4 Nd7 10. Qd2 f5 11. g5 {LiveBook: 3 Games. E85: King's Indian: Sämisch: 6...e5} (11. gxf5 gxf5 12. O-O-O f4 13. Bf2 Bf6 14. h4 Kh8 15. Bh3 a6 16. Kb1 Rb8 17. Nc1 b6 18. h5 Nc5 19. Bxc8 Qxc8 {1-0 (73) Stopa,J (2469)-Panchanatham,V (2278) Las Vegas 2015}) 11... a5 12. O-O-O b6 13. b3 {White is better.} Nc5 14. Kb2 $146 ({Predecessor:} 14. Rg1 Bd7 15. Bg2 Rb8 16. Nb5 Kh8 17. Nec3 Ra8 18. Kb2 Nc8 {1-0 (51) Carow,J (2164)-Koehler,P (2120) Germany 2012}) 14... Bd7 15. Rg1 Qc8 16. Nc1 Qa6 (16... c6 $11) 17. Be2 ({Better is} 17. Kb1 $14) 17... Rfb8 ({Black should play} 17... fxe4 $11 18. fxe4 Rf7) 18. Kc2 (18. h4 $14) 18... Qc8 19. Nd3 Na6 20. Ra1 (20. Kb1 $14) 20... c5 (20... c6 $11) 21. a3 Nc7 22. Rgb1 (22. a4 $16) 22... Qd8 (22... b5 $11) 23. Bg1 (23. a4 $16) 23... Nc8 (23... b5 $11) 24. h4 (24. a4 $1 $16) 24... b5 $11 25. cxb5 Nxb5 26. Nxb5 Bxb5 27. Nb2 Qd7 28. Bxb5 Rxb5 29. Be3 Rab8 30. Nc4 (30. Nd1 $1 $15) 30... a4 (30... Nb6 $17 31. Nxa5 c4) 31. b4 fxe4 (31... Bf8 {keeps more tension.} 32. Ra2 cxb4 33. Rxb4 Rxb4 34. axb4 Ne7) 32. fxe4 Qg4 33. Qd3 cxb4 34. Rxb4 Rxb4 35. axb4 Rxb4 36. Nd2 Qd7 (36... Ne7 $11) 37. Qa6 $1 $14 Bf8 38. Kc3 (38. Qa5 $14 Rb8 39. Qxa4 (39. Rxa4 Qh3 $16)) 38... Rb8 $1 $11 39. Rxa4 Qh3 40. Kd3 {And now Qc6 would win.} h6 $2 {[%mdl 8192]} (40... Nb6 $1 $15 {stays ahead.} 41. Ra5 Nd7) 41. Rc4 $2 ({White must play} 41. Qc6 $1 $18) 41... hxg5 42. hxg5 Be7 43. Ke2 Qg4+ 44. Kd3 Qh3 45. Qc6 (45. Ke2 $11 {remains equal.}) 45... Kf7 $2 {[%mdl 8192]} (45... Bxg5 $1 $17 46. Qe8+ Kg7 47. Rc7+ Ne7 48. Rxe7+ Kh6 49. Qxb8 Qxe3+ 50. Kc4 Qd4+ 51. Kb3 Qd3+ 52. Ka4 Bxe7 53. Qh8+ Kg5) 46. Rc1 $2 (46. Qc7 $18 Ra8 47. Rc3) 46... Kg7 $2 {[%mdl 8192]} (46... Na7 $1 $11 {and Black is okay.} 47. Qc2 (47. Qc7 $2 Rc8 $19) 47... Nb5) 47. Qe8 $2 (47. Qc7 $18 Ra8 48. Rc3) 47... Qh8 $2 (47... Bxg5 $1 $17 48. Rc7+ Ne7 49. Rxe7+ Kh6 50. Qxb8 Qxe3+ 51. Kc4 Bxe7 52. Qh8+ Kg5) 48. Qxh8+ Kxh8 49. Rc7 (49. Rb1 $1 $16 {[%cal Rb1b8]} Ra8 50. Nc4) 49... Kg8 $14 50. Nc4 Kf8 ({Black should try} 50... Ra8 $1 $14) 51. Na5 $1 $16 Bd8 52. Rb7 Rxb7 53. Nxb7 {[%mdl 4096] Endgame KBN-KBN} Ke7 54. Kc4 $1 {[%cal Rc4b5] Kb5 is the strong threat.} Kd7 55. Kb5 $1 Bc7 56. Ka6 (56. Bg1 $16) 56... Bd8 $14 57. Kb5 (57. Nxd8 $14 Kxd8 58. Bd2) 57... Bc7 $1 $16 58. Bf2 Ne7 59. Bg1 Nc8 60. Be3 Ne7 61. Bd2 $1 Nc8 62. Bb4 $1 Na7+ $2 (62... Bb8) 63. Ka6 $1 $18 {[%cal Ra6a7]} Nc8 64. Ba5 $1 Bxa5 (64... Bb8 $142 65. Nd8 Ba7) 65. Nxa5 {KN-KN} Kc7 66. Nc4 Ne7 67. Ne3 Nc8 $1 68. Nc4 Ne7 69. Ka5 (69. Nb6 $142 Ng8 70. Na8+ Kb8 71. Nb6) 69... Nc8 70. Kb5 $2 (70. Na3 $1 $18 {is the precise move to win. Strongly threatening Ka6.} Na7 71. Ka6) 70... Na7+ $2 {[#]} (70... Kb7 $16 71. Ka5 Ka7) 71. Ka6 $1 {[%cal Ra6a7]} Nc8 {[#]} 72. Na3 $1 {[%cal Ra3c4]} Ne7 73. Nb5+ {White mates.} Kd7 74. Kb6 Nc8+ 75. Kb7 Ne7 76. Na7 Ng8 77. Nc6 {Precision: White = 41%, Black = 32%.} 1-0

[Event "Moscow ch-T 2018"]
[Site "Moscow"]
[Date "2018.09.29"]
[Round "6"]
[White "Savenkov, Konstantin"]
[Black "Obolentseva, Alexandra"]
[Result "0-1"]
[WhiteElo "2375"]
[BlackElo "2298"]
[Annotator "TA"]
[PlyCount "54"]
[EventDate "2018.09.20"]
[EventType "team-tourn"]
[EventCountry "RUS"]
[SourceTitle "playchess.com"]
[Source "ChessBase"]
[SourceQuality "1"]

{[%evp 25,54,0,0,0,25,39,52,13,0,-221,-223,-200,-199,-193,-205,-196,-212,-216,-217,-222,-201,-318,-339,-379,-370,-375,-339,-360,-375,-29997,-29998]} 1. e4 c5 2. Nf3 d6 3. Bb5+ Bd7 4. Bxd7+ Qxd7 5. c4 Nf6 6. Nc3 Nc6 7. O-O g6 8. d4 cxd4 9. Nxd4 Bg7 10. Nde2 Qe6 {B52: Sicilian: Moscow Variation with 3...Bd7} 11. Nd5 Qxe4 12. Nc7+ Kd7 13. Nxa8 Qxc4 {[#] LiveBook: 30 Games} 14. Bd2 $146 ({Predecessor:} 14. Nc3 Rxa8 15. Bg5 Rc8 16. Rc1 Qg4 17. Qd2 Qd4 18. Qe2 Qg4 19. Qb5 Qb4 20. Qd3 Qd4 21. Qe2 Qg4 22. Qd2 Qd4 {½-½ (22) Rublevsky,S (2698)-Rodshtein,M (2654) Sochi 2015}) 14... Ne4 15. Be3 {Black must now prevent Rc1.} Rxa8 16. b3 (16. Rc1 $5 {[%cal Rc1c4]} Qxa2 17. Qd3 $11) 16... Qa6 17. Nd4 $2 {[#]} (17. Rb1 $11) 17... Nc3 $1 $19 {[%cal Rc3d1]} 18. Qg4+ f5 19. Nxf5 Qe2 20. Qh3 gxf5 21. Qxh7 Be5 22. Qxf5+ Kc7 23. Bf4 (23. Rfe1 $142 Qa6 24. Kh1) 23... Nd4 24. Qf7 {[#]} Bxf4 $1 25. Qxf4 Qh5 26. Kh1 Nce2 27. Qe4 $2 {[#]} (27. Qe3 $19 e5 28. Rad1) 27... Qxh2+ $1 {[%mdl 512] Precision: White = 46%, Black = 89%.} 0-1

[Event "Moscow ch-T 2018"]
[Site "Moscow"]
[Date "2018.09.29"]
[Round "6"]
[White "Makarian, Rudik"]
[Black "Krylov, Ivan"]
[Result "1/2-1/2"]
[WhiteElo "2361"]
[BlackElo "2411"]
[Annotator "TA"]
[PlyCount "103"]
[EventDate "2018.09.20"]
[EventType "team-tourn"]
[EventCountry "RUS"]
[SourceTitle "playchess.com"]
[Source "ChessBase"]
[SourceQuality "1"]

{[%evp 27,103,41,60,48,62,47,48,54,93,0,0,0,0,0,0,0,100,102,81,77,184,193,165,117,116,125,119,110,115,60,59,61,63,52,65,59,127,49,55,10,93,97,99,86,97,87,63,12,11,25,26,0,0,0,0,0,144,0,0,0,0,0,0,0,0,0,0,0,0,0,0,0,0,0,0,0,0,0]} 1. d4 Nf6 2. c4 c5 3. d5 b5 4. cxb5 a6 5. bxa6 g6 6. Nc3 Bxa6 7. e4 Bxf1 8. Kxf1 d6 9. Nf3 Bg7 10. g3 O-O 11. Kg2 Nbd7 12. Qe2 Qa5 {A59: Benko/Volga Gambit: White castles by hand} 13. a4 Rfb8 14. Ra3 Rb4 {LiveBook: 3 Games. White is slightly better.} 15. b3 Qa6 $1 {[%cal Ra6e2]} 16. Re1 Qxe2 17. Rxe2 Ng4 18. Bd2 (18. Na2 $1 $16) 18... c4 $1 $11 19. bxc4 Nge5 20. Nxe5 Nxe5 {[#]} 21. Be1 $146 Rxc4 (21... Nxc4 $11 22. Raa2 h5) 22. a5 $16 Nd3 23. Bd2 $1 Ra6 (23... Nc5 $16 {was necessary.}) 24. Na2 $1 $18 Rc2 25. Rxd3 Rxa2 26. Kf3 Bf6 27. Bb4 Ra4 {[#]} 28. Rb3 (28. Be1 $1 $16) 28... Ra8 $14 29. Be1 Rc8 30. Rb1 Kg7 31. Kg2 h5 (31... Bd4 $14) 32. h4 ({White should try} 32. f4 $16) 32... Rc7 33. f4 Bd4 (33... Bc3 $11 {keeps the balance.}) 34. Rb4 $16 Rxb4 35. Bxb4 {[%mdl 4096] Endgame KRB-KRB} Rc4 36. Be1 {Ra2 is the strong threat.} Ra4 37. Rc2 ({White should play} 37. e5 $14) 37... f5 $11 38. exf5 gxf5 39. Kf3 Kf7 40. Ke2 Bc5 $1 41. Rb2 e5 {[#]} (41... Ra3 $1 $11) 42. dxe6+ (42. fxe5 $1 $16 dxe5 43. Rb7+ Kf6 44. Rc7) 42... Kxe6 {The position is equal.} 43. Bf2 Kd5 44. Bxc5 dxc5 {KR-KR} 45. Rb6 Rxa5 46. Rf6 Ra2+ 47. Ke3 Ra3+ 48. Ke2 Rxg3 {Hoping for ...Ke4.} 49. Rxf5+ Kd4 50. Rxh5 c4 51. Rh8 c3 52. Kd1 {Precision: White = 55%, Black = 62%.} 1/2-1/2

[Event "Moscow ch-T 2018"]
[Site "Moscow"]
[Date "2018.09.29"]
[Round "6"]
[White "Chibukhchyan, Erik"]
[Black "Okun, Evgeny"]
[Result "1/2-1/2"]
[WhiteElo "2264"]
[BlackElo "2163"]
[Annotator "TA"]
[PlyCount "134"]
[EventDate "2018.09.20"]
[EventType "team-tourn"]
[EventCountry "RUS"]
[SourceTitle "playchess.com"]
[Source "ChessBase"]
[SourceQuality "1"]

{[%evp 19,134,0,13,5,11,8,-18,-30,-20,-30,-51,-30,7,0,0,-1,-6,-4,-15,-5,-6,-43,-50,-47,-38,-58,29,-46,-41,-41,-41,-53,-34,-45,-10,-33,-33,-36,-33,-33,-30,-39,-12,-16,-9,-18,-4,-7,-8,-8,0,-8,0,-8,-5,-16,-20,-20,-25,-72,-10,-8,-15,-22,-16,-16,-16,-16,-8,-16,0,-16,0,-16,-16,-16,0,0,0,0,0,0,0,0,0,0,0,0,0,0,0,0,0,0,0,0,0,0,0,0,0,0,0,0,0,0,0,0,0,0,0,0,0,0,0,0,0]} 1. d4 {[%cal Bd2d4,Bd4d5][%mdl 32]} d6 2. c4 f5 3. g3 Nf6 4. Bg2 g6 5. Nc3 Bg7 6. d5 O-O 7. Nh3 c6 8. Nf4 e5 9. dxe6 Qe7 {A86: Holländische Verteidigung (Leningrader Variante mit Sh3)} (9... Na6 10. Rb1 Nc5 11. O-O Nxe6 12. b3 Nc5 13. Bb2 Qe7 14. Qd2 g5 15. Nh3 h6 16. Rbd1 Nce4 17. Nxe4 Nxe4 18. Qc2 Bxb2 19. Qxb2 Be6 {0-1 (63) Ghaem Maghami,E (2560)-Idani,P (2580) Sari 2017}) 10. h4 Bxe6 {LiveBook: 4 Partien} 11. h5 (11. b3 {is interesting.} Ne4 12. Nxe4 fxe4 13. Nxe6 Qxe6 14. Rb1) 11... Nxh5 12. Nxh5 gxh5 13. Rxh5 $146 ({Vorgänger:} 13. Bf4 Rd8 14. e3 {1-0 (62) Dimitrijeski,K (2150)-Mueller,R (2121) Germany 2012}) 13... Bxc4 14. Bh6 Bxh6 15. Rxh6 Rf6 16. Rh4 Bf7 17. Qd2 Na6 18. O-O-O Bg6 19. e3 Nc5 {Weiss sollte ...f4! verhindern.} 20. Qd4 a5 21. Ne2 Qe5 22. Nf4 Re8 (22... Bf7 $15) 23. Bf3 (23. Qd2 $11) 23... Qxd4 24. Rxd4 d5 25. Rd1 Re7 26. Rdh1 Ne6 27. a3 Nxf4 28. Rxf4 Kg7 29. b4 axb4 30. axb4 Rd6 31. Kb2 b6 32. Rc1 Rc7 33. Rd4 Bf7 34. Rf4 Bg6 35. Rd4 Bf7 36. Rf4 Be6 37. Rh4 c5 38. Rch1 Bg8 39. Rh5 cxb4 ({Besser ist} 39... d4 $17 {zielt auf ...dxe3 ab.} 40. Rxf5 dxe3 41. fxe3 cxb4 42. Rg5+ Rg6 43. Rxg6+ hxg6) 40. Rg5+ {Die Stellung ist ausgeglichen.} Kh8 {...d4 ist eine echte Drohung.} 41. Rxf5 d4 42. exd4 $1 Rxd4 43. Rd1 Rcd7 44. Kc1 Rc7+ 45. Kb2 Rcd7 (45... Rxd1 {with more complications.} 46. Bxd1 Bc4 47. Bc2 Re7 48. Rh5 Re2) 46. Kc1 Rxd1+ 47. Bxd1 $11 {[%mdl 4096] Endspiel KTL-KTL} Rf7 48. Rb5 Rxf2 49. Rxb6 Rg2 50. g4 {[#]} b3 $1 {[%mdl 512]} 51. Bxb3 Bxb3 52. Rxb3 Rxg4 {KT-KT} 53. Kd2 Kg7 54. Ke2 Kf6 55. Kf2 Kf5 56. Rf3+ Ke4 57. Re3+ Kd4 58. Rg3 Rf4+ 59. Rf3 Re4 60. Rh3 $1 Rf4+ 61. Rf3 Rh4 62. Kg3 Rh6 63. Kg2 Ke4 64. Rf7 Rg6+ 65. Kh3 h6 66. Kh2 h5 67. Rf8 Rg5 {Precision: Weiß = 62%, Schwarz = 52%.} 1/2-1/2

[Event "Moscow ch-T 2018"]
[Site "Moscow"]
[Date "2018.09.29"]
[Round "6"]
[White "Matyunin, Maxim"]
[Black "Demidov, Mikhail"]
[Result "0-1"]
[WhiteElo "2235"]
[BlackElo "2514"]
[Annotator "TA"]
[PlyCount "58"]
[EventDate "2018.09.20"]
[EventType "team-tourn"]
[EventCountry "RUS"]
[SourceTitle "playchess.com"]
[Source "ChessBase"]
[SourceQuality "1"]

{[%evp 16,58,-30,-26,0,-10,0,-11,-21,-20,-22,-14,-22,-29,-29,-69,-57,-95,-105,-93,-105,-93,-89,-96,-90,-297,-278,-341,-333,-333,-337,-309,-303,-305,-278,-766,-763,-761,-739,-1779,-1685,-29984,-1919,-29985,-29986]} 1. d4 e6 2. Nf3 Nf6 3. c4 Bb4+ 4. Nc3 O-O 5. Bg5 h6 6. Bh4 c5 7. d5 exd5 8. cxd5 d6 9. e3 {LiveBook: 11 Games} a6 {E31: Nimzo-Indian: Leningrad Variation: 4...h6 5 Bh4 c5 6 d5 d6} (9... Bg4 10. Be2 Bxf3 11. Bxf3 Nbd7 12. O-O Re8 13. Be2 a6 14. Qc2 Rc8 15. Rad1 Qe7 16. Bd3 Rc7 17. Bf5 {½-½ (51) Shulman,Y (2608)-Bhat,V (2511) ICC INT 2011}) 10. a4 $146 ({Predecessor:} 10. a3 Ba5 11. Be2 b5 12. O-O Bf5 13. b4 Bb6 14. bxc5 Bxc5 15. Nd4 Bh7 16. Bd3 Nbd7 17. Bxh7+ Kxh7 18. Qb1+ {½-½ (18) Stratmann,B-Weisshaupt,R Dueren 1985}) 10... Bf5 11. Bd3 Bxd3 {The position is equal.} 12. Qxd3 Nbd7 13. O-O Re8 14. Bg3 Rc8 $36 {[%mdl 2048] White is under pressure.} 15. Rfd1 c4 16. Qe2 Bxc3 17. bxc3 Ne4 18. Rd4 b5 19. axb5 axb5 20. Ra3 $2 {[#]} (20. Rxe4 $17 Rxe4 21. Nd4) 20... Ra8 $19 21. Qb2 Rxa3 22. Qxa3 Qa8 23. Qb2 Ndc5 24. h3 Qa5 25. Nd2 $2 {[#]} (25. Kh2) 25... Nxg3 26. fxg3 Rxe3 27. Rg4 Nd3 28. Nxc4 Re1+ 29. Kh2 Qa7 {Precision: White = 33%, Black = 91%.} 0-1

[Event "Moscow ch-T 2018"]
[Site "Moscow"]
[Date "2018.09.29"]
[Round "6"]
[White "Komissarov, Alexey"]
[Black "Krylov, Mikhail"]
[Result "1/2-1/2"]
[WhiteElo "2203"]
[BlackElo "2476"]
[Annotator "TA"]
[PlyCount "79"]
[EventDate "2018.09.20"]
[EventType "team-tourn"]
[EventCountry "RUS"]
[SourceTitle "playchess.com"]
[Source "ChessBase"]
[SourceQuality "1"]

{[%evp 22,79,24,24,25,20,35,24,33,27,39,20,23,18,26,18,40,4,37,34,38,26,31,16,44,36,44,38,33,31,53,0,0,0,0,0,0,0,0,0,75,0,0,0,0,0,0,0,0,0,0,0,0,0,0,0,0,0,0,0]} 1. d4 Nf6 2. Nf3 c5 3. e3 g6 4. dxc5 Qa5+ 5. Nbd2 Bg7 6. a3 Qxc5 7. b4 Qc7 8. Bb2 O-O 9. c4 d6 10. Be2 a5 {A48: 1 d4 Nf6 2 Nf3 g6: Torre, London and Colle Systems} (10... b6 11. O-O Bb7 12. Qb3 Nbd7 13. Rfc1 a6 14. h3 Rac8 15. Qd1 Rfd8 16. Nd4 Ne5 17. N4b3 Qb8 18. Bd4 Ned7 19. Bf3 e5 20. Bxb7 Qxb7 {½-½ (82) Moskalenko,A (2522)-Saric,I (2669) Katowice 2017}) 11. O-O Nc6 12. Qb3 {LiveBook: 6 Games} Bd7 {White has an edge.} 13. Rfc1 axb4 $146 ({Predecessor:} 13... Rfc8 14. h3 Qb6 15. Bc3 Ne8 16. Bxg7 Nxg7 17. Ng5 Ne6 18. Bg4 Nxg5 19. Bxd7 {1-0 (35) Palachev,P (2373)-Abasheeva,K (1780) St Petersburg 2015}) 14. axb4 Rxa1 15. Rxa1 Rc8 16. Bc3 Nd8 17. Ra3 Ne6 18. Qa2 Qb8 19. h3 Ne8 20. Bxg7 Kxg7 21. Qa1+ Kg8 22. Ne4 Bc6 23. Nc3 Nf6 24. Qa2 Bxf3 25. Bxf3 Ng5 26. Bd5 ({White should try} 26. Bg4 $14 e6 27. Be2) 26... e6 $11 27. h4 Nh3+ $1 28. gxh3 {[#] And now Bf3 would win.} exd5 29. Nxd5 Nxd5 30. cxd5 {[%mdl 4096] Endgame KQR-KQR} h5 (30... Qc7 $1 $11 {remains equal.}) 31. Qa1 (31. Kg2 $16) 31... Qc7 {The position is equal.} 32. Ra8 Qd8 33. Rxc8 Qxc8 {KQ-KQ} 34. Kg2 Qc4 35. Qa8+ Kg7 36. Qxb7 Qe4+ $1 37. Kg1 Qb1+ 38. Kg2 {[#] Strongly threatening Qb6.} Qe4+ 39. Kg1 Qb1+ 40. Kg2 {Precision: White = 44%, Black = 71%.} 1/2-1/2

[Event "Moscow ch-T 2018"]
[Site "Moscow"]
[Date "2018.09.29"]
[Round "6"]
[White "Elishev, Ivan"]
[Black "Pogosyan, Stefan"]
[Result "0-1"]
[WhiteElo "2197"]
[BlackElo "2373"]
[Annotator "TA"]
[PlyCount "54"]
[EventDate "2018.09.20"]
[EventType "team-tourn"]
[EventCountry "RUS"]
[SourceTitle "playchess.com"]
[Source "ChessBase"]
[SourceQuality "1"]

{[%evp 13,54,29,37,-48,-41,-55,-67,-106,0,-11,-4,-71,-66,-67,-58,-43,-9,-101,-62,-74,-57,-45,-38,-61,-42,-91,-66,-124,-120,-112,-112,-112,-117,-252,-244,-426,-421,-865,-850,-849,-842,-5908,-5908]} 1. e4 c5 2. Nf3 Nc6 3. d4 cxd4 4. Nxd4 Qc7 5. Nc3 e6 6. Nxc6 dxc6 7. f4 {B47: Sicilian: Taimanov: 5 Nc3 Qc7 6 f4, 6 g3 and 6 Be2} e5 {LiveBook: 4 Games} 8. Bc4 (8. Qf3 $14) (8. f5 Nf6 9. Qf3 Bc5 10. Bg5 b5 11. O-O-O Bb7 12. Kb1 a6 13. g4 Bd6 14. Be3 O-O-O {1-0 (32) Jakubiec,A (2547)-Stefansson,H (2573) Czechia 2010}) 8... exf4 $146 ({Predecessor:} 8... Nf6 9. O-O Be7 10. Kh1 O-O 11. fxe5 Qxe5 12. Bf4 Qc5 13. Bb3 Be6 14. e5 Nd5 {1-0 (25) Fritsche,L (2315)-Richter,W (2415) Germany 2009}) 9. O-O {Black is slightly better.} Bd6 10. g3 f3 ({Black should try} 10... Bh3 $17 11. Bxf4 O-O-O 12. Bxd6 Rxd6) 11. Qxf3 $11 Nf6 12. Bf4 {[#]} (12. Bh6 $1 $11 {keeps the balance.} Bc5+ 13. Kg2) 12... O-O $1 $17 13. Kg2 Bg4 {[%cal Bc8g4,Bg4h5,Bh5g6][%mdl 32]} 14. Qe3 {Threatens to win with e5.} Rfe8 15. Rae1 (15. Bxd6 $1 $11 Qxd6 16. Qg5) 15... Be5 16. h3 Bh5 17. Bxe5 Rxe5 18. Rf5 $1 Re7 19. e5 Bg6 20. Rf2 {[#]} ({White should play} 20. Rff1 $15) 20... b5 $1 {[%cal Rb5c4]} 21. Bb3 b4 $36 {[%mdl 2048] Black has strong initiative.} 22. Na4 Ne4 {[%cal Bf6e4,Be4g3,Bg3e2][%mdl 32]} 23. Rf4 (23. Rfe2 $17) 23... Rxe5 $19 24. c3 $2 (24. Rff1) 24... Rae8 {Black is clearly winning.} 25. Qg1 (25. Qf3 $142 R8e7 26. cxb4) 25... Nxg3 26. Rxe5 Rxe5 27. cxb4 Ne2 {Precision: White = 24%, Black = 82%.} 0-1

[Event "Moscow ch-T 2018"]
[Site "Moscow"]
[Date "2018.09.29"]
[Round "6"]
[White "Tsoi, Vladislav"]
[Black "Mayorov, Vasili"]
[Result "0-1"]
[WhiteElo "2079"]
[BlackElo "2026"]
[Annotator "NA RC"]
[PlyCount "72"]
[EventDate "2018.09.20"]
[EventType "team-tourn"]
[EventCountry "RUS"]
[SourceTitle "playchess.com"]
[Source "ChessBase"]
[SourceQuality "1"]
[TimeControl "5400+30"]

{[%evp 28,69,-29,-53,-100,-82,-101,-117,-104,-224,-190,-213,-193,-206,-153,-219,-194,-236,-180,-292,-325,-319,-276,32767,32767,32767,32767,32767,32767,32767,32767,-716,-1325,-1326,-1470,-1172,-1595,-1263,-1252,-1404,-1202,-29975,-1693,-2159]} 1. e4 {[%emt 0:00:00]} c6 {[%emt 0:00:04]} 2. d3 {[%emt 0:00:27]} d5 {[%emt 0:00:33]} 3. Nd2 {[%emt 0:00:06]} g6 {[%emt 0:01:20]} 4. g3 {[%emt 0:00:08]} Bg7 {[%emt 0:00:08]} 5. Bg2 {[%emt 0:00:06]} Nf6 {[%emt 0:00:49]} 6. Ngf3 {[%emt 0:03:48]} O-O {[%emt 0:00:54]} 7. O-O {[%emt 0:00:10]} Nbd7 {[%emt 0:01:45]} 8. e5 {[%emt 0:03:56] A07: Réti Opening: New York and Capablanca Systems} Ng4 {[%emt 0:01:13]} 9. e6 $146 {[%emt 0:02:30]} ({Predecessor:} 9. d4 f6 10. h3 Nh6 11. exf6 Bxf6 12. Qe2 Nf7 13. c3 Re8 14. Nb3 a5 15. Bf4 a4 {0-1 (50) Radu,C (2026)-Manolache,M (2527) Eforie Nord 2010}) 9... fxe6 {[%emt 0:03:16]} 10. Ng5 {[%emt 0:06:12]} Ndf6 {[%emt 0:00:40]} 11. h3 {[%emt 0:02:46]} Nh6 {[%emt 0:01:48]} 12. Ndf3 {[%emt 0:00:53]} Nf7 {[%emt 0:06:49]} 13. h4 {[%emt 0:12:42]} Nxg5 {[%emt 0:03:44]} 14. hxg5 {[%emt 0:00:08]} Nd7 {[%emt 0:07:59]} 15. Bh3 {[%emt 0:05:40] [#]} e5 $1 {[%emt 0:02:46]} 16. Qe2 {[%emt 0:00:16]} Qc7 {[%emt 0:07:38]} 17. Kg2 {[%emt 0:08:03]} Nc5 {[%emt 0:02:09]} 18. Rh1 {[%emt 0:11:28]} (18. Bxc8 $17 Raxc8 19. Be3) 18... Bxh3+ {[%emt 0:03:40]} 19. Rxh3 {[%emt 0:00:07]} Rf7 {[%emt 0:00:38]} 20. Nh2 {[%emt 0:05:34]} Ne6 {[%emt 0:19:03]} 21. Qg4 {[%emt 0:04:28]} (21. Be3 $17) 21... Nd4 {[%emt 0:04:24]} 22. Bd2 {[%emt 0:05:04]} Raf8 {[%emt 0:01:25]} 23. f4 {[%emt 0:03:41]} (23. Rf1 {was worth a try.}) 23... exf4 {[%emt 0:00:50]} 24. gxf4 {[%emt 0:00:32]} e5 {[%emt 0:00:34]} 25. Rh1 {[%emt 0:00:23]} exf4 {[%emt 0:07:04]} 26. Rxh7 Kxh7 {[%emt 0:02:05]} 27. Qh4+ {[%emt 0:00:17]} Kg8 {[%emt 0:00:05]} 28. Ng4 {[%emt 0:00:04]} Re8 {[%emt 0:01:16]} 29. Qh7+ {[%emt 0:02:13]} Kf8 {[%emt 0:00:06]} 30. Nh6 {[%emt 0:00:45]} f3+ {[%emt 0:02:54]} 31. Kf1 {[%emt 0:01:02]} Bxh6 {[%emt 0:01:47]} 32. Qxh6+ {[%emt 0:05:18]} Rg7 {[%emt 0:01:14]} 33. Qh4 {[%emt 0:00:12]} Qe5 {[%emt 0:00:45]} 34. Bb4+ {[%emt 0:00:09]} Kf7 $19 {[%emt 0:00:39]} 35. Rh2 {[%emt 0:00:15]} Nf5 {[%emt 0:07:05]} 36. Qh3 {[%emt 0:00:06]} Qg3 {[%emt 0:00:50]} 0-1